| 000 | 00502nam a22001697a 4500 | ||
|---|---|---|---|
| 005 | 20251108165352.0 | ||
| 008 | 250721s1993 xx 000 0 ara d | ||
| 082 | 1 | 4 | _a962/حنف |
| 100 | 1 | _aالمحلاوي، حنفي | |
| 245 | 1 | 0 | _aحريم ملوك مصر من محمد علي إلى فاروق / |
| 264 | 1 |
_aالقاهرة : _bدار الأمين، _c1993. |
|
| 300 | _a268ص | ||
| 650 | 1 | 7 | _aتاريخ مصر |
| 650 | 1 | 7 | _aالتاريخ السياسي |
| 942 |
_2ddc _cBK |
||
| 999 |
_c26246 _d26246 |
||